[Event "Nizhnij Novgorod Dubinin Memorial 22nd"]
[Site "Nizhnij Novgorod"]
[Date "2015.??.??"]
[Round "1"]
[White "Kolesnikov, Lev"]
[Black "Danov, Alexander"]
[Result "0-1"]
[WhiteElo "1675"]
[BlackElo "2215"]
[PlyCount "80"]
[EventDate "2015.01.03"]
[EventType "swiss"]
[EventRounds "9"]
[EventCountry "RUS"]
[SourceTitle "CBM 164 Extra"]
[Source "ChessBase"]
[SourceDate "2015.03.02"]
[SourceVersion "1"]
[SourceVersionDate "2015.03.02"]
[SourceQuality "1"]

1. e4 e6 2. d3 d5 3. Nd2 Bc5 4. Ngf3 Nf6 5. e5 Nfd7 6. d4 Be7 7. Bd3 c5 8. c3 Nc6 9. Qe2 b6 10. 0-0 cxd4 11. cxd4 Nb4 12. a3 Nxd3 13. Qxd3 a5 14. Re1 0-0 15. Nf1 Ba6 16. Qe3 Rc8 17. Bd2 a4 18. Rac1 Rxc1 19. Rxc1 Bc4 20. Bc3 b5 21. N1d2 Qb8 22. Bb4 Bxb4 23. axb4 Nb6 24. g4 Qd8 25. Kg2 Qe7 26. b3 axb3 27. Nxb3 Qxb4 28. Nc5 Qb2 29. Re1 Qc2 30. Qa3 Ra8 31. Na6 Qa4 32. Qxa4 bxa4 33. Nc5 a3 34. Ra1 a2 35. Ne1 Na4 36. Nc2 Nxc5 37. dxc5 Kf8 38. Rc1 Rb8 39. Na3 Rb3 40. Nxc4 dxc4 0-1

[Event "Nizhnij Novgorod Region-ch"]
[Site "Nizhnij Novgorod"]
[Date "2013.10.24"]
[Round "7"]
[White "Danov, Alexander"]
[Black "Gorozhanin, Mikhail"]
[Result "0-1"]
[WhiteElo "2205"]
[BlackElo "2315"]
[PlyCount "142"]
[EventDate "2013.10.19"]
[EventType "swiss"]
[EventRounds "9"]
[EventCountry "RUS"]
[SourceTitle "EXT 2014"]
[Source "ChessBase"]
[SourceDate "2013.11.20"]
[SourceVersion "1"]
[SourceVersionDate "2013.11.20"]
[SourceQuality "1"]

1. d4 d5 2. Nf3 Nf6 3. e3 Bf5 4. Bd3 g6 5. Ne5 Nbd7 6. 0-0 Bxd3 7. cxd3 c6 8. f4 Bg7 9. Nc3 0-0 10. Bd2 Ne8 11. Qb3 Nb6 12. a4 a5 13. Rae1 Nd6 14. Kh1 Nd7 15. Nf3 e6 16. Qa3 Nf5 17. g4 Nh6 18. h3 f5 19. g5 Nf7 20. Ne2 Re8 21. h4 b5 22. Rc1 Qb6 23. axb5 Qxb5 24. Rfd1 Bf8 25. Qc3 Ra6 26. Qc2 Rb8 27. Bc3 a4 28. Rb1 Qb3 29. Qxb3 Rxb3 30. Nd2 Rb7 31. Ra1 Nd6 32. Ra2 Nb5 33. Rda1 Rba7 34. Nb1 c5 35. Kg2 Nb8 36. Na3 Nxa3 37. bxa3 Nc6 38. Rb1 Rc7 39. Kf3 Raa7 40. dxc5 Bxc5 41. Rc1 Rab7 42. Bd2 Bd6 43. Nc3 Rb3 44. Ke2 Bxa3 45. Rxa3 Nd4+ 46. exd4 Rxa3 47. Nb5 Rxc1 48. Nxa3 Rh1 49. Be1 Kf7 50. Nc2 Ke8 51. Kf3 Rh3+ 52. Bg3 Rh1 53. Be1 Rf1+ 54. Ke2 Rxf4 55. Bg3 Rg4 56. Kf3 Kf7 57. Bf2 Kg7 58. Bg3 h6 59. gxh6+ Kxh6 60. Bf4+ Kh5 61. Bd6 Rxh4 62. Be7 Rh1 63. Ne3 g5 64. Nc2 f4 65. Na3 Kg6 66. Nb5 Rb1 67. Nc3 Rb3 68. Nxa4 Rxd3+ 69. Ke2 Rxd4 70. Nc5 g4 71. Bd6 Kf5 0-1

[Event "Nizhnij Novgorod Region-ch"]
[Site "Nizhnij Novgorod"]
[Date "2013.??.??"]
[Round "4"]
[White "Danov, Alexander"]
[Black "Kudriashov, Alexander"]
[Result "1-0"]
[WhiteElo "2205"]
[BlackElo "2156"]
[PlyCount "113"]
[EventDate "2013.10.19"]
[EventType "swiss"]
[EventRounds "9"]
[EventCountry "RUS"]
[SourceTitle "EXT 2014"]
[Source "ChessBase"]
[SourceDate "2013.11.20"]
[SourceVersion "1"]
[SourceVersionDate "2013.11.20"]
[SourceQuality "1"]

1. d4 Nf6 2. Nf3 c5 3. e3 d5 4. Nbd2 e6 5. Bd3 Nbd7 6. Ne5 cxd4 7. exd4 Nxe5 8. dxe5 Nd7 9. Nf3 Be7 10. Be3 0-0 11. h4 f5 12. Qd2 Nc5 13. Bg5 Qc7 14. Bxe7 Qxe7 15. c3 b6 16. Nd4 Ba6 17. Bxa6 Nxa6 18. Qg5 Qd7 19. Rd1 Nc5 20. Rh3 Qc7 21. Qf4 Rae8 22. Re3 a6 23. h5 Qe7 24. Ke2 Kh8 25. Nf3 Ne4 26. Nh4 Qg5 27. Qxg5 Nxg5 28. f4 Nf7 29. Rd4 Rc8 30. Rb4 Rc6 31. Nf3 b5 32. Nd4 Rb6 33. a4 Nd8 34. axb5 axb5 35. Rxb5 Rxb5 36. Nxb5 Nc6 37. Nd4 Nxd4+ 38. cxd4 Rb8 39. b3 h6 40. Kd2 g5 41. hxg6 Kg7 42. Rg3 Rc8 43. Rc3 Rb8 44. Rc7+ Kxg6 45. Kc3 Kh5 46. Rg7 Rc8+ 47. Kb2 Rb8 48. Rg3 Rb7 49. Kc3 Rc7+ 50. Kb4 Rc2 51. Kb5 Rf2 52. Kc5 Rxf4 53. b4 Rf2 54. b5 Rb2 55. b6 Kh4 56. Rg7 Kh5 57. Kc6 1-0

[Event "Pavlovo Good Year"]
[Site "Pavlovo"]
[Date "2012.08.??"]
[Round "5"]
[White "Danov, Alexander"]
[Black "Zanozin, Anatoly"]
[Result "1/2-1/2"]
[WhiteElo "2258"]
[BlackElo "2097"]
[PlyCount "40"]
[EventDate "2012.08.18"]
[EventType "tourn"]
[EventRounds "14"]
[EventCountry "RUS"]
[SourceTitle "EXT 2023"]
[Source "ChessBase"]
[SourceDate "2022.10.05"]
[SourceVersion "1"]
[SourceVersionDate "2022.10.05"]
[SourceQuality "1"]

1. d4 d5 2. Nf3 Nf6 3. e3 e6 4. Bd3 Bd6 5. 0-0 Nbd7 6. b3 e5 7. dxe5 Nxe5 8. Bb2 Bg4 9. Be2 Qe7 10. Nbd2 0-0 11. Bxe5 Bxe5 12. Nxe5 Bxe2 13. Qxe2 Qxe5 14. Nf3 Qe7 15. Rac1 Rad8 16. Rfd1 Ne4 17. c4 dxc4 18. Qxc4 c6 19. Rd4 Rxd4 20. Qxd4 c5 1/2-1/2

[Event "Nizhnij Novgorod Dubinin Memorial 18th"]
[Site "Nizhnij Novgorod"]
[Date "2011.01.03"]
[Round "?"]
[White "Stepanushkin, Alexander"]
[Black "Danov, Alexander"]
[Result "0-1"]
[WhiteElo "1999"]
[BlackElo "2215"]
[PlyCount "28"]
[EventDate "2011.01.03"]
[EventType "swiss"]
[EventRounds "9"]
[EventCountry "RUS"]
[SourceTitle "EXT 2012"]
[Source "ChessBase"]
[SourceDate "2011.11.24"]
[SourceVersion "1"]
[SourceVersionDate "2011.11.24"]
[SourceQuality "1"]

1. d4 Nf6 2. Bg5 c5 3. d5 Qb6 4. Nc3 Qxb2 5. Bd2 Qb6 6. e4 d6 7. f4 e5 8. Rb1 Qc7 9. fxe5 dxe5 10. Nf3 a6 11. a4 Bg4 12. Bc4 Nbd7 13. 0-0 Be7 14. Qe2 Rb8 0-1

[Event "Nizhnij Novgorod-ch HL"]
[Site "Nizhnij Novgorod"]
[Date "2009.11.14"]
[Round "?"]
[White "Danov, Alexander"]
[Black "Vorontsov, Anatoly"]
[Result "1-0"]
[WhiteElo "2264"]
[BlackElo "2044"]
[PlyCount "95"]
[EventDate "2009.11.14"]
[EventType "swiss"]
[EventRounds "9"]
[EventCountry "RUS"]
[SourceTitle "EXT 2022"]
[Source "ChessBase"]
[SourceDate "2021.10.06"]
[SourceVersion "1"]
[SourceVersionDate "2021.10.06"]
[SourceQuality "1"]

1. d4 d5 2. c4 e6 3. Nc3 Nf6 4. Bg5 c6 5. e3 Nbd7 6. cxd5 exd5 7. Bd3 Be7 8. Qc2 0-0 9. Nf3 Re8 10. 0-0 Ne4 11. Bxe4 dxe4 12. Nxe4 Bxg5 13. Nexg5 Nf8 14. Ne4 Bf5 15. Nfd2 Qh4 16. f3 Re6 17. Qc5 Bxe4 18. Nxe4 Nd7 19. Qb4 Nb6 20. Rae1 Rae8 21. g3 Qh6 22. Qb3 Kh8 23. g4 Nd5 24. Qxb7 Qg6 25. Ng3 Nxe3 26. Rf2 f5 27. gxf5 Nxf5 28. Rxe6 Qxe6 29. Re2 Ne3 30. Qb3 Qxb3 31. axb3 Re7 32. Kf2 Nd5 33. Nf5 Rxe2+ 34. Kxe2 Kg8 35. Nd6 g6 36. Kd3 Kf8 37. Kc4 Ke7 38. Nc8+ Kd7 39. Nxa7 Kc7 40. Kc5 Ne7 41. b4 Kb7 42. b5 Kxa7 43. bxc6 g5 44. d5 Kb8 45. b4 Nf5 46. b5 Ng7 47. b6 h5 48. Kd6 1-0

[Event "Nizhnij Novgorod Dubinin Memorial 16th"]
[Site "Nizhnij Novgorod"]
[Date "2009.01.07"]
[Round "5"]
[White "Gaskarova, Ekaterina"]
[Black "Danov, Alexander"]
[Result "0-1"]
[WhiteElo "1676"]
[BlackElo "2277"]
[PlyCount "30"]
[EventDate "2009.01.03"]
[EventType "swiss"]
[EventRounds "9"]
[EventCountry "RUS"]
[SourceTitle "EXT 2010"]
[Source "ChessBase"]
[SourceDate "2010.11.25"]
[SourceVersion "1"]
[SourceVersionDate "2010.11.25"]
[SourceQuality "1"]

1. e4 e5 2. Nf3 Nc6 3. Bc4 Nf6 4. d3 d5 5. exd5 Nxd5 6. 0-0 Bg4 7. h3 Bh5 8. c3 Qd6 9. b4 a6 10. Re1 Be7 11. a4 0-0 12. Ba3 Nf4 13. Kh2 Qf6 14. Nbd2 Qg6 15. Rg1 Nxd3 0-1

[Event "Nizhnij Novgorod Dubinin Memorial 16th"]
[Site "Nizhnij Novgorod"]
[Date "2009.01.03"]
[Round "1"]
[White "Shadchnev, Nikolai"]
[Black "Danov, Alexander"]
[Result "0-1"]
[WhiteElo "1915"]
[BlackElo "2277"]
[PlyCount "42"]
[EventDate "2009.01.03"]
[EventType "swiss"]
[EventRounds "9"]
[EventCountry "RUS"]
[SourceTitle "EXT 2010"]
[Source "ChessBase"]
[SourceDate "2010.11.25"]
[SourceVersion "1"]
[SourceVersionDate "2010.11.25"]
[SourceQuality "1"]

1. f4 e5 2. fxe5 Nc6 3. Nf3 d6 4. exd6 Bxd6 5. d3 Bg4 6. Bg5 Nge7 7. Nbd2 f6 8. Bh4 0-0 9. Ne4 Bf4 10. Bf2 Nd5 11. c3 b6 12. h3 Be6 13. g3 Bh6 14. Qa4 Qe8 15. Ned2 Be3 16. Bg2 Bxf2+ 17. Kxf2 b5 18. Qc2 Ne3 19. Qc1 Bd7 20. Bf1 f5 21. Nb3 Nd5 0-1

[Event "Nizhnij Novgorod Dubinin Memorial 15th"]
[Site "Nizhnij Novgorod"]
[Date "2008.01.??"]
[Round "?"]
[White "Danov, Alexander"]
[Black "Chapygin, Sergey"]
[Result "1-0"]
[WhiteElo "2271"]
[BlackElo "2089"]
[PlyCount "49"]
[EventDate "2008.01.??"]
[EventType "swiss"]
[EventRounds "9"]
[EventCountry "RUS"]
[SourceTitle "CBM 122 Extra"]
[Source "ChessBase"]
[SourceDate "2008.03.04"]
[SourceVersion "1"]
[SourceVersionDate "2008.03.04"]
[SourceQuality "1"]

1. d4 f5 2. e4 fxe4 3. Nc3 Nf6 4. Bg5 Nc6 5. d5 Ne5 6. Qd4 Nf7 7. Bh4 c6 8. 0-0-0 Qb6 9. Bxf6 gxf6 10. Qxe4 d6 11. Be2 f5 12. Qh4 Bh6+ 13. Kb1 Bg7 14. Rd3 cxd5 15. Bh5 Be6 16. Nf3 Bf6 17. Qa4+ Bd7 18. Bxf7+ Kd8 19. Qb3 e6 20. Re1 Qxf2 21. Bxe6 Bc6 22. Rd2 Qc5 23. Bxd5 Rc8 24. Bxc6 bxc6 25. Qe6 1-0

[Event "Nizhnij Novgorod Dubinin Memorial 15th"]
[Site "Nizhnij Novgorod"]
[Date "2008.01.??"]
[Round "?"]
[White "Komin, Vladimir"]
[Black "Danov, Alexander"]
[Result "0-1"]
[WhiteElo "2074"]
[BlackElo "2271"]
[PlyCount "48"]
[EventDate "2008.01.??"]
[EventType "swiss"]
[EventRounds "9"]
[EventCountry "RUS"]
[SourceTitle "CBM 122 Extra"]
[Source "ChessBase"]
[SourceDate "2008.03.04"]
[SourceVersion "1"]
[SourceVersionDate "2008.03.04"]
[SourceQuality "1"]

1. Nf3 d5 2. g3 Bg4 3. Bg2 c6 4. Ne5 Bh5 5. 0-0 Nd7 6. d4 Nxe5 7. dxe5 Qc7 8. f4 e6 9. h3 Bc5+ 10. Kh2 Ne7 11. Qe1 Bg6 12. c4 h5 13. Nc3 a6 14. cxd5 cxd5 15. e4 d4 16. Ne2 Ba7 17. b3 Qc2 18. Ba3 d3 19. Qb4 0-0 20. Qxe7 dxe2 21. Rfc1 Qd3 22. Qxb7 Rfb8 23. Qc6 Bf2 24. Bb4 Qxg3+ 0-1